Loading...
Physics of charged-particles beams /
| Main Author: | |
|---|---|
| Format: | Printed Book |
| Language: | English |
| Published: |
Oxford :
Clarendon Press,
1977.
|
| LEADER | 00460nam a2200133Ia 4500 | ||
|---|---|---|---|
| 008 | 150624b xxu||||| |||| 00| 0 eng d | ||
| 082 | |a 539.721 | ||
| 100 | |a Lawson, J. D. | ||
| 245 | |a Physics of charged-particles beams / |c J. D. Lawson | ||
| 260 | |a Oxford : |b Clarendon Press, |c 1977. | ||
| 300 | |a 462 p. | ||
| 942 | |c BK | ||
| 999 | |c 37610 |d 37610 | ||
| 952 | |0 0 |1 0 |4 0 |6 539_721000000000000_LAW_P |7 0 |9 37609 |a UL |b UL |c SEC |d 1998-09-07 |l 0 |o 539.721 LAW/P |p 54139 |r 2012-10-27 |w 2012-10-27 |y BK | ||